UM Logo

The anchored angel (Record no. 12368)

MARC details
000 -LEADER
fixed length control field 00449nam a22001577a 4500
008 - FIXED-LENGTH DATA ELEMENTS--GENERAL INFORMATION
fixed length control field 190123b ||||| |||| 00| 0 eng d
020 ## - INTERNATIONAL STANDARD BOOK NUMBER
International Standard Book Number 1-885030-28-2
082 ## - DEWEY DECIMAL CLASSIFICATION NUMBER
Edition number 1999
Classification number DFil.899.21
Item number V711
100 ## - MAIN ENTRY--PERSONAL NAME
Personal name Villa, Garcia Jose
9 (RLIN) 34905
245 ## - TITLE STATEMENT
Title The anchored angel
260 ## - PUBLICATION, DISTRIBUTION, ETC. (IMPRINT)
Place of publication, distribution, etc. New York :
Name of publisher, distributor, etc. mUAE Publishing, Inc.
Date of publication, distribution, etc. ©1999
300 ## - PHYSICAL DESCRIPTION
Extent xv, 255 pages ;
Dimensions 23 cm.
500 ## - GENERAL NOTE
General note Bibliography and index.
650 ## - SUBJECT ADDED ENTRY--TOPICAL TERM
Topical term or geographic name as entry element Poetry
9 (RLIN) 34906
942 ## - ADDED ENTRY ELEMENTS (KOHA)
Source of classification or shelving scheme Dewey Decimal Classification
Koha item type Filipiniana
Holdings
Withdrawn status Lost status Source of classification or shelving scheme Damaged status Not for loan Collection code Home library Current library Total Checkouts Full call number Barcode Date last seen Copy number Price effective from Koha item type
    Dewey Decimal Classification     Filipiniana UM Digos College - LIC UM Digos College - LIC   DFil.899.21 V711/1999 16154 05/15/2025 1 01/23/2019 Filipiniana